| 000 | 00858nam a22002175i 4500 | ||
|---|---|---|---|
| 001 | 53687 | ||
| 003 | ES-MaACL | ||
| 005 | 20250828112043.0 | ||
| 007 | t| | ||
| 008 | 940202s1855 sp ||||1| spa d | ||
| 040 |
_aCAM _bspa |
||
| 100 | 1 |
_aFernández de Córdoba, Fernando _cMarqués de Mendigorría ( _d1809-1883) _949650 |
|
| 245 | 1 | 0 | _aMemoria del teniente general D. Fernando Fernández de Córdova sobre los sucesos politicos ocurridos en Madrid en los dias 17, 18 y 19 de julio de 1854. |
| 260 |
_aMadrid : _b[s.n.], _c1855 ( _fM. Rivadeneyra) |
||
| 300 |
_a134 p. ; _c23 cm. |
||
| 651 | 7 |
_aEspaña- _xHistoria- _yS.XIX _9142005 |
|
| 852 |
_aES-MaACL _jZ-1-F-9 _xOlim: 1521-F-3 |
||
| 856 |
_uhttps://bibliotecavirtual.defensa.gob.es/BVMDefensa/es/consulta/registro.do?id=67234 _7Versión digital en línea |
||
| 942 | _2udc | ||
| 999 |
_c53687 _d53687 |
||